Sports Quiz

Random Sports or Auto Racing Quiz
Score 0/15 Timer 10:00
2 Plays Today
Driver % Correct
Mario Andretti
93.8%
Dan Gurney
83.7%
Phil Hill
75.8%
Bill Vukovich
65.2%
Richie Ginther
55.9%
Peter Revson
55.9%
Johnny Parsons
49.3%
Troy Ruttman
48.9%
Driver % Correct
Bob Sweikert
45.8%
Sam Hanks
45.8%
Jim Rathmann
45.8%
Roger Ward
44.5%
Lee Wallard
43.6%
Pat Flaherty
43.6%
Jimmy Bryan
36.1%
Remove Ads.
Support Sporcle.
Get the best of Sporcle when you Go Orange. This ad-free experience offers more features, more stats, and more fun while also helping to support Sporcle. Thank you for becoming a member.

You're not logged in!

Compare scores with friends on all Sporcle quizzes.
OR
Log In

Show Comments

Extras

Top Quizzes Today


Score Distribution

Your Account Isn't Verified!

In order to create a playlist on Sporcle, you need to verify the email address you used during registration. Go to your Sporcle Settings to finish the process.

Report this User

Report this user for behavior that violates our Community Guidelines.

Details: